Maailman suurimmat maat, väkiluvun mukaan - Statistics

Yleistilastot
  • Tätä visaa on pelattu 2 187 kertaa
    2 181 viimeisimmän päivityksen jälkeen
  • Keskiarvotulos 31 / 44
Vastaustilastot
rank millions Country / Union % Oikein
1 1 374 Kiina
100%
4 324 USA
98%
2 1 267 Intia
97%
10 142 Venäjä
96%
6 206 Brasilia
93%
11 127 Japani
93%
19 81 Saksa
93%
22 67 Ranska
91%
39 35 Kanada
87%
12 123 Meksiko
86%
29 49 Espanja
85%
24 62 Italia
82%
33 44 Argentiina
80%
16 95 Egypti
80%
5 258 Indonesia
80%
23 64 Iso-Britannia
77%
17 83 Iran
74%
8 186 Nigeria
74%
21 68 Thaimaa
74%
26 54 Etelä-Afrikka
73%
7 202 Pakistan
73%
20 80 Turkki
72%
28 51 Etelä-Korea
70%
37 38 Irak
67%
18 81 Kongo
67%
15 95 Vietnam
66%
35 39 Puola
65%
9 156 Bangladesh
63%
32 44 Ukraina
62%
13 103 Filippiinit
60%
31 47 Kenia
58%
30 47 Kolumbia
58%
14 102 Etiopia
57%
44 31 Peru
57%
34 40 Algeria
56%
41 33 Afganistan
51%
40 34 Marokko
50%
38 37 Sudan
50%
42 31 Malesia
49%
27 52 Tansania
46%
43 31 Venezuela
46%
25 57 Burma
42%
3 514 Euroopan Unioni
34%
36 38 Uganda
29%
Ehtoja vastaavia visoja ei löytynyt
Tulosjakauma
Jokaisen tuloksen saaneiden osuus
Persentiili vastausten määrän mukaan
Tuloshistoriasi
Et ole pelannut tätä visaa sen viimeisimmän päivityksen jälkeen